Jerusalem and Parousia : (Record no. 1237)
[ view plain ]
| 000 -LEADER | |
|---|---|
| fixed length control field | 00895cam a2200277 a 4500 |
| 001 - CONTROL NUMBER | |
| control field | 95450 |
| 003 - CONTROL NUMBER IDENTIFIER | |
| control field | GBCCL |
| 005 - DATE AND TIME OF LATEST TRANSACTION | |
| control field | 20241126110356.0 |
| 008 - FIXED-LENGTH DATA ELEMENTS--GENERAL INFORMATION | |
| fixed length control field | 001012s2000 mou b 000 0 eng |
| 010 ## - | |
| -- | 00011891 |
| 020 ## - INTERNATIONAL STANDARD BOOK NUMBER | |
| International Standard Book Number | 0570042887 (pbk.) |
| 035 ## - SYSTEM CONTROL NUMBER | |
| System control number | (OCoLC)ocm45188951 |
| 040 ## - CATALOGING SOURCE | |
| Original cataloging agency | DLC |
| Transcribing agency | DLC |
| 049 ## - | |
| -- | LBBK |
| 050 00 - | |
| -- | BS2575.2 |
| -- | .G53 2000 |
| 082 00 - DEWEY DECIMAL CLASSIFICATION NUMBER | |
| Classification number | 226.206 |
| Edition information | 21 |
| Item number | GIB |
| 090 ## - LOCALLY ASSIGNED LC-TYPE CALL NUMBER (OCLC); LOCAL CALL NUMBER (RLIN) | |
| Classification number (OCLC) (R) ; Classification number, CALL (RLIN) (NR) | BS2575.2 |
| Local cutter number (OCLC) ; Book number/undivided call number, CALL (RLIN) | .G53 2000 |
| 100 1# - MAIN ENTRY--PERSONAL NAME | |
| Personal name | Gibbs, Jeffrey A. |
| 9 (RLIN) | 2325 |
| 245 10 - TITLE STATEMENT | |
| Title | Jerusalem and Parousia : |
| Remainder of title | Jesus' eschatological discourse in Matthew's Gospel / |
| Statement of responsibility, etc. | Jeffrey A. Gibbs. |
| 260 ## - PUBLICATION, DISTRIBUTION, ETC. | |
| Place of publication, distribution, etc. | St. Louis : |
| Name of publisher, distributor, etc. | Concordia Academic Press, |
| Date of publication, distribution, etc. | c2000. |
| 300 ## - PHYSICAL DESCRIPTION | |
| Extent | 272 p. ; |
| Dimensions | 23 cm. |
| 504 ## - BIBLIOGRAPHY, ETC. NOTE | |
| Bibliography, etc. note | Includes bibliographical references (p. 259-272). |
| 630 00 - SUBJECT ADDED ENTRY--UNIFORM TITLE | |
| Uniform title | Bible. |
| Name of part/section of a work | N.T. |
| -- | Matthew |
| General subdivision | Criticism, interpretation, etc. |
| 9 (RLIN) | 2326 |
| 650 #0 - SUBJECT ADDED ENTRY--TOPICAL TERM | |
| Topical term or geographic name entry element | Eschatology |
| General subdivision | Biblical teaching. |
| 9 (RLIN) | 2327 |
| 942 ## - ADDED ENTRY ELEMENTS (KOHA) | |
| Source of classification or shelving scheme | Dewey Decimal Classification |
| Koha item type | Books |
| Koha issues (borrowed), all copies | 2 |
| Withdrawn status | Lost status | Source of classification or shelving scheme | Damaged status | Not for loan | Home library | Current Library | Shelving location | Date acquired | Total checkouts | Full call number | Barcode | Date last seen | Copy number | Price effective from | Koha item type | Date last checked out |
|---|---|---|---|---|---|---|---|---|---|---|---|---|---|---|---|---|
| Dewey Decimal Classification | GRACE BIBLE COLLEGE | GRACE BIBLE COLLEGE | Biblical Studies | 2017-04-21 | 226.206 GIB | 012736 | 2025-05-01 | c.3 | 2017-04-21 | Books | ||||||
| Dewey Decimal Classification | GRACE BIBLE COLLEGE | GRACE BIBLE COLLEGE | Biblical Studies | 2017-04-21 | 1 | 226.206 GIB | 007358 | 2025-05-01 | c.1 | 2017-04-21 | Books | 2019-09-30 | ||||
| Dewey Decimal Classification | GRACE BIBLE COLLEGE | GRACE BIBLE COLLEGE | Biblical Studies | 2017-04-21 | 1 | 226.206 GIB | 012735 | 2025-05-01 | c.2 | 2017-04-21 | Books | 2018-03-21 | ||||
| Dewey Decimal Classification | GRACE BIBLE COLLEGE | GRACE BIBLE COLLEGE | Biblical Studies | 2017-04-21 | 226.206 GIB | 012737 | 2025-05-01 | c.4 | 2017-04-21 | Books |